000
00240 a2200073 4500
245
0
_a
Spravocnik po elementam radioelektronnych ustrojstv /
_c
Dulin V.N., Zuk M.S..
710
2
_a
Energija.
_e
Wydawca
_4
pbl
260
_a
Moskva :
_b
Energija,
_c
1977.
300
_a
575 s.;
_c
34 cm.
999
_c
11878
_d
11878